Welcome to CU Library Online Public Access Catalogue (OPAC)

Group counseling : (Record no. 7382)

MARC details
000 -LEADER
fixed length control field 00765cam a2200241 a 4500
001 - CONTROL NUMBER
control field 12266972
005 - DATE AND TIME OF LATEST TRANSACTION
control field 20250826152006.0
008 - FIXED-LENGTH DATA ELEMENTS--GENERAL INFORMATION
fixed length control field 001228s2002 cau b 001 0 eng
020 ## - INTERNATIONAL STANDARD BOOK NUMBER
International Standard Book Number 0534367577
Qualifying information alk. paper
020 ## - INTERNATIONAL STANDARD BOOK NUMBER
International Standard Book Number 9780534367572
Qualifying information (alk. paper)
050 00 - LIBRARY OF CONGRESS CALL NUMBER
Classification number BF637.C6
Item number J34 2002
082 00 - DEWEY DECIMAL CLASSIFICATION NUMBER
Classification number 158/.35
Edition information 21
100 1# - MAIN ENTRY--PERSONAL NAME
Personal name Jacobs, Edward E.,
Dates associated with a name 1944-
245 10 - TITLE STATEMENT
Title Group counseling :
Remainder of title strategies and skills /
Statement of responsibility, etc. Ed E. Jacobs, Robert L. Masson, Riley L. Harvill.
250 ## - EDITION STATEMENT
Edition statement 4th ed.
260 ## - PUBLICATION, DISTRIBUTION, ETC.
Place of publication, distribution, etc. Pacific Grove, CA :
Name of publisher, distributor, etc. Thomson Learning/Brooks/Cole,
Date of publication, distribution, etc. c2002.
300 ## - PHYSICAL DESCRIPTION
Extent xvi, 428 p. ;
Dimensions 24 cm.
650 #0 - SUBJECT ADDED ENTRY--TOPICAL TERM
Topical term or geographic name entry element Group counseling.
650 #0 - SUBJECT ADDED ENTRY--TOPICAL TERM
Topical term or geographic name entry element Leadership.
700 1# - ADDED ENTRY--PERSONAL NAME
Personal name Masson, Robert L.,
Dates associated with a name 1936-
700 1# - ADDED ENTRY--PERSONAL NAME
Personal name Harvill, Riley L.,
Dates associated with a name 1955-
942 ## - ADDED ENTRY ELEMENTS (KOHA)
Source of classification or shelving scheme Library of Congress Classification
Koha item type Books
Suppress in OPAC No
999 ## -
-- 7382
-- 7382
Holdings
Withdrawn status Lost status Source of classification or shelving scheme Damaged status Not for loan Collection Home library Current library Shelving location Date acquired Total checkouts Full call number Barcode Date last seen Copy number Price effective from Koha item type
    Library of Congress Classification     Non-fiction Undergraduate Library (Christ Temple) Undergraduate Library (Christ Temple) General stacks 08/26/2025   BF 637.C6J34 ulct00004495 08/26/2025 1 08/26/2025 Books
© 2023-2024 Copyright: Central University Libraries. All Rights Reserved | Created by: Mahone Tech Office